000 00525nam a2200217Ia 4500
003 OSt
005 20221005120419.0
006 a|||||r|||| 00| 0
007 ta
008 221004b |||||||| |||| 00| 0 eng d
024 _a120109
037 _cTextual
040 _aCRL
_cCRL
_beng
041 _2eng
_aeng
100 _aSutherland L S
_9629116
245 0 _aEast India company in 18th century politics
260 _c1962
650 _aHISTORY
942 _cTEXL
_2cc
999 _c1037941
_d1037941